000 00964cam a2200205 4500
001 WB4018-08
008 040511n2004 000 0 eng u
035 _a(Sirsi) u126165
245 _aSurvey explores high-density support
260 _c2004
490 _aPlanning (for the Natural and Built Environment)
_v(1568) 7 May 2004, 2(1)
520 _aMORI and Urbed carried out a survey of councillors' attitudes to high density housing. They found that councillors have housing as their highest priority but felt that there were too many barriers such as inappropriate design and local resident opposition. The survey concluded that high density housing schemes could receive greater council support if more effort was made to overcome design and infrastructure problems.
590 _aWB
590 _aWB
650 _aHIGH DENSITY HOUSING
650 _aLOCAL AUTHORITIES
650 _aPLANNING APPROVALS
690 _aHOUSING-DEVELOPMENT
942 _n0
999 _c117337
_d117337